000 00280nam a22001337a 4500
008 170927b xxu||||| |||| 00| 0 eng d
020 _a9780558314972
041 _aeng
080 _a37
100 _a47
101 _aEDU
245 _aIN CONTEXT
_cFELDMAN,A.M
942 _2udc
_cBK
999 _c30215
_d30215